000 00329nam a22001337a 4500
008 170221b xxu||||| |||| 00| 0 eng d
020 _a9781574392234
041 _aeng
080 _24TH
_a615
100 _a5
101 _ashf
245 _aNONPRESCRIPTION DRUG THERAPY: GUIDING PATIENT SELF-CARE
_cKILLION, K.H
942 _2udc
_cBK
999 _c5906
_d5906